[Event "ASEAN-ch U18 17th"]
[Site "Dusit Thani"]
[Date "2016.05.30"]
[Round "1.6"]
[White "Lim, Lui Lung"]
[Black "Pham, Minh Hieu"]
[Result "0-1"]
[WhiteElo "1563"]
[BlackElo "2026"]
[PlyCount "74"]
[EventDate "2016.05.30"]
[EventType "swiss"]
[EventRounds "9"]
[EventCountry "THA"]
[SourceTitle "EXT 2024"]
[Source "ChessBase"]
[SourceDate "2023.10.10"]
[SourceVersion "1"]
[SourceVersionDate "2023.10.10"]
[SourceQuality "1"]

1. d4 Nf6 2. Nf3 e6 3. Bf4 b6 4. e3 Bb7 5. Be2 Be7 6. h3 0-0 7. Nbd2 c5 8. c3 d5 9. 0-0 Nc6 10. Re1 Nh5 11. Bh2 f5 12. Ne5 Nf6 13. Ndf3 Nxe5 14. Nxe5 Nd7 15. Rc1 Nxe5 16. Bxe5 Bd6 17. Bxd6 Qxd6 18. Bf3 c4 19. b3 Rac8 20. b4 Rc7 21. Qd2 g5 22. g4 Rcf7 23. Re2 Bc6 24. Qc2 Be8 25. Kg2 Rg7 26. Rh1 Bg6 27. Qb2 fxg4 28. hxg4 Rxf3 29. Rh3 Rxh3 30. Kxh3 Be4 31. f3 Rg6 32. Kg2 Rh6 33. Kf2 Bd3 34. Rd2 Rh1 35. f4 gxf4 36. Kg2 Be4+ 37. Kf2 fxe3+ 0-1